Episodes de Black Mirror en clic quiz vidéo - Statistiques

Statistiques générales
  • Ce quiz a été pris 46 fois
  • Le résultat moyen est 21 sur 34
Statistiques - réponses
Hint Réponse % Correct
03- Retour sur image (The Entire History of You)
89%
01- L'Hymne national (The National Anthem)
86%
05- La Chasse (White Bear)
84%
11- San Junipero (San Junipero)
81%
19- Black Museum (Black Museum)
81%
14- USS Callister (USS Callister)
78%
02- Quinze Millions de mérites (15 Million Merits)
76%
06- Le Show de Waldo (The Waldo Moment)
76%
09- Phase d'essai (Playtest)
76%
08- Chute libre (Nosedive)
73%
10- Tais-toi et danse (Shut Up and Dance)
73%
12- Tuer sans état d'âme (Men Against Fire)
73%
04- Bientôt de retour (Be Right Back)
65%
07- Blanc comme neige (Special Episode: White Christmas)
65%
24- Joan est horrible (Joan Is Awful)
65%
18- Tête de Métal (Metalhead)
62%
23- Rachel, Jack et Ashley Too (Rachel, Jack and Ashley Too)
62%
31- Hôtel Rêverie (Hotel Reverie)
62%
20- Black Mirror: Bandersnatch (film)
57%
25- Loch Henry (Loch Henry)
57%
30- Bête noire (Bête noire)
57%
32- De simples jouets (Plaything)
57%
13- Haine virtuelle (Hated in the Nation)
54%
17- Pendez le DJ (Hang the DJ)
54%
21- Striking Vipers (Striking Vipers)
54%
28- Démon 79 (Demon 79)
54%
34- USS Callister : Au cœur d'Infinity (USS Callister: Into Infinity)
54%
15- Archange (Arkangel)
49%
16- Crocodile (Crocodile)
46%
26- Mon cœur pour la vie (Beyond the Sea)
46%
29- Des gens ordinaires (Common People)
43%
33- Eulogie (Common Eulogy)
43%
22- Smithereens (Smithereens)
22%
27- Mazey Day (Mazey Day)
22%
Aucun quiz correspondant
Distribution des résultats
% des personnes avec chaque résultat
Percentile par nombre de réponses
Votre historique - résultats
Vous n’avez pas pris ce quiz